00459nam a2200181 a 4500001001300000003000900013005001700022008004100039020001000080082001300090100002200103245004000125260003600165300000900201500003500210505001000245650002200255nice12345678IN_TiNIC20260116011831.0050524s1963 wasa grp 000 0 eng  ac10000a320bLER aLerche, Charles O aConcepts of International Politics. aWashingtonbPrentice Hallc1963 a314p aincludes index and biblioraphy2 aIndex aPolitical Science